| 000 | 01029nam a2200313 i 4500 | ||
|---|---|---|---|
| 001 | bg | ||
| 100 | 1 |
_aHrabal, Bohumil _d(1914-1997). |
|
| 245 | 1 | 0 |
_aPociągi pod specjalnym nadzorem ; _bPostrzyżyny / _cBohumil Hrabal ; przekł. Andrzej Czcibor-Piotrows |
| 246 |
_iTyt. oryg.: _aOstře sledované vlak |
||
| 246 |
_iTyt. oryg.: _aPostřižiny |
||
| 260 |
_aKraków : _b"Mediasat Poland", _c[2004]. |
||
| 300 |
_a156, [3] s. ; _c22 cm. |
||
| 490 | 1 |
_aKolekcja Gazety Wyborczej : XX wiek ; _v27 |
|
| 500 | _aTyt. oryg.: "Ostře sledované vlaky" 1965 ; Postřižiny 1976. 9 | ||
| 650 | _y20 w.1 | ||
| 700 |
_aPiotrowski, Andrzej _d(1931- ). _eTł. |
||
| 700 |
_aHrabal, Bohumil _d(1914-1997). _tPostrzyżyny |
||
| 830 | 0 |
_aKolekcja Gazety Wyborczej ; _v27 |
|
| 020 | _a8389651729 | ||
| 020 | _a8497897242 | ||
| 040 | _cBPK | ||
| 041 | 1 |
_apol _hcze |
|
| 044 | _aPOL | ||
| 080 | _a821.162.3-3 | ||
| 920 | _a83-89651-76-9 | ||
| 920 | _a84-9789-724-2 | ||
| 942 | _cKS | ||
| 008 | s pl f |000 0 pol | ||
| 999 |
_c55664 _d55664 |
||
| 856 |
_uhttp://koha.tu.koszalin.pl/cgi-bin/koha/opac-detail.pl?biblionumber=55664 _yKatalog online BPK |
||